| 000 | 00909nam a22002657a 4500 | ||
|---|---|---|---|
| 999 |
_c24537 _d24537 |
||
| 003 | OSt | ||
| 005 | 20210215092553.0 | ||
| 008 | 170313b xxu||||| |||| 00| 0 eng d | ||
| 010 | _a 88010547 | ||
| 020 | _a0534094449 | ||
| 040 |
_aMMU _cMMU _dMMU _beng. |
||
| 050 | 0 | 0 |
_aBF721 _b.S4688 1989 |
| 082 | 0 | 0 |
_a155.4 _219 |
| 100 | 1 |
_aShaffer, David R. _q(David Reed), _d1946- |
|
| 245 | 1 | 0 |
_aDevelopmental psychology : _bchildhood and adolescence / _cDavid R. Shaffer. |
| 250 | _a2nd ed. | ||
| 260 |
_aPacific Grove, Calif. : _bBrooks/Cole, _cc1989. |
||
| 300 |
_axxiii, 680 p. : _bill. (some col.) ; _c24 cm. |
||
| 500 | _a Includes bibliographies and indexes. | ||
| 504 | _aFirst ed. has subtitle: theory, research, and applications. | ||
| 650 | 0 |
_aChild psychology _vTextbooks. |
|
| 650 | 0 |
_aAdolescent psychology _vTextbooks. |
|
| 650 | 0 |
_aDevelopmental psychology _vTextbooks. |
|
| 942 |
_2lcc _cLOAN LOAN |
||